[Event "2BLN 1920 SC Empor Potsdam - SF Berlin "]
[Site "?"]
[Date "2019.10.19"]
[Round "1.4"]
[White "Tiarks, Jann-Christian"]
[Black "Polzin, Rainer"]
[Result "0-1"]
[WhiteElo "2178"]
[BlackElo "2415"]
[PlyCount "140"]
[EventDate "2019.??.??"]

1. e4 c5 2. c3 e6 3. d4 d5 4. exd5 exd5 5. Nf3 Nc6 6. Be2 Nf6 7. O-O Bd6 8.
dxc5 Bxc5 9. Nbd2 h6 10. Nb3 Bd6 11. Be3 O-O 12. Bc5 Re8 13. Bxd6 Qxd6 14. Re1
Bd7 15. Qd3 Rad8 16. Rad1 Bc8 17. Nbd4 Ne4 18. Qc2 Bg4 19. Nxc6 bxc6 20. Nd4
Bd7 21. Bd3 Nf6 22. Nf5 Rxe1+ 23. Rxe1 Bxf5 24. Bxf5 c5 25. g3 Qa6 26. a3 c4
27. Re2 Re8 28. Rxe8+ Nxe8 29. Qe2 Nf6 30. Bh3 Qb6 31. Qe7 g6 32. Qb4 Qd8 33.
Qc5 Qb6 34. Qxb6 axb6 35. Kf1 Kf8 36. Ke2 Ke7 37. Ke3 Kd6 38. Kd4 Ng8 39. Ke3
Ne7 40. Bg4 Nc6 41. Be2 Kc7 42. g4 g5 43. f4 Ne7 44. f5 Kd6 45. Bd1 Ke5 46. Ba4
Nc8 47. Bd1 Nd6 48. Bf3 Nb7 49. Bd1 Nc5 50. Bc2 b5 51. Bd1 Na4 52. Bxa4 bxa4
53. h3 f6 54. Kf3 d4 55. cxd4+ Kxd4 56. Ke2 c3 57. bxc3+ Kxc3 58. Ke3 Kb3 59.
Kd3 Kxa3 60. Kc3 Ka2 61. Kd4 Kb3 62. Kd5 a3 63. Ke6 a2 64. Kxf6 a1=Q+ 65. Kg6
Qh8 66. f6 Kc4 67. Kf7 Kd5 68. Ke7 Ke5 69. f7 Qf6+ 70. Ke8 Qc6+ 0-1

[Event "2BLN 1920 SC Empor Potsdam - SF Berlin "]
[Site "?"]
[Date "2019.10.19"]
[Round "1.5"]
[White "Suran, Jan"]
[Black "Schoene, Ralf"]
[Result "0-1"]
[WhiteElo "2396"]
[BlackElo "2262"]
[PlyCount "146"]
[EventDate "2019.??.??"]

1. e4 e5 2. Nf3 Nc6 3. Bb5 Nf6 4. d3 Bc5 5. c3 d6 6. O-O Bb6 7. Nbd2 O-O 8. Nc4
Ne7 9. Ba4 Ng6 10. h3 c6 11. Nxb6 axb6 12. Bc2 d5 13. Re1 dxe4 14. dxe4 h6 15.
Qxd8 Rxd8 16. Bb3 b5 17. Be3 Re8 18. Nd2 Be6 19. Bxe6 Rxe6 20. g3 Nf8 21. f3
N6d7 22. Nb3 b6 23. a3 Rd6 24. Rad1 Rxd1 25. Rxd1 f6 26. Kf2 Kf7 27. h4 h5 28.
Rd6 Rc8 29. f4 Ke7 30. Rd1 Ne6 31. f5 Nec5 32. Nxc5 Nxc5 33. Bxc5+ bxc5 34. b3
Ra8 35. Ra1 Kf7 36. Ke3 g6 37. fxg6+ Kxg6 38. c4 bxc4 39. bxc4 Ra4 40. Kd3 f5
41. exf5+ Kxf5 42. Ke3 e4 43. Rf1+ Ke5 44. Ra1 Rxc4 45. a4 Rc3+ 46. Ke2 Rxg3
47. a5 Kd4 48. a6 Rg2+ 49. Kf1 Rg8 50. a7 Ra8 51. Ke2 Kc4 52. Ke3 Kb5 53. Kxe4
Kb6 54. Kd3 Rxa7 55. Rb1+ Kc7 56. Kc4 Ra5 57. Rb3 Kd6 58. Rd3+ Ke5 59. Rd8 Kf5
60. Rg8 Ra4+ 61. Kxc5 Rxh4 62. Kxc6 Rd4 63. Kc5 Rd1 64. Rh8 Kg4 65. Rg8+ Kh3
66. Kc4 h4 67. Kc3 Kh2 68. Kc2 Rd7 69. Rg4 Kh3 70. Rg8 Rd4 71. Kc3 Rg4 72. Rh8
Kg2 73. Kd3 h3 0-1

[Event "2BLN 1920 SC Empor Potsdam - SF Berlin "]
[Site "?"]
[Date "2019.10.19"]
[Round "1.6"]
[White "Haasler, Andreas"]
[Black "Florstedt, Johannes"]
[Result "0-1"]
[WhiteElo "2234"]
[BlackElo "2355"]
[PlyCount "69"]
[EventDate "2019.??.??"]

1. d4 Nf6 2. Nf3 g6 3. c4 Bg7 4. d5 c6 5. Nc3 cxd5 6. cxd5 Qa5 7. Bd2 Nxd5 8.
Rc1 Nxc3 9. Rxc3 Qd8 10. e4 d5 11. Qc1 Nc6 12. exd5 Qxd5 13. Bc4 Qf5 14. O-O
O-O 15. Rd3 Be6 16. Rb3 Bxc4 17. Qxc4 Rac8 18. Qh4 Rfd8 19. Rxb7 Qc2 20. Be3
Rd1 21. g3 Ne5 22. Qf4 Rxf1+ 23. Kxf1 Qc6 24. Nxe5 Bxe5 25. Qb4 Qh1+ 26. Ke2
Rc2+ 27. Bd2 Rxb2 28. Qxb2 Bxb2 29. Rxb2 Qxh2 30. Be3 Qh5+ 31. f3 a6 32. Rc2
Qb5+ 33. Kf2 h5 34. Bc5 e5 35. Kg2 0-1

[Event "2BLN 1920 SC Empor Potsdam - SF Berlin "]
[Site "?"]
[Date "2019.10.19"]
[Round "1.7"]
[White "Chatzidakis, Mihail"]
[Black "Trenner, Rolf"]
[Result "1-0"]
[WhiteElo "2347"]
[BlackElo "2183"]
[PlyCount "93"]
[EventDate "2019.??.??"]

1. e4 e5 2. Nf3 Nc6 3. d4 exd4 4. Nxd4 Bc5 5. Nxc6 Qf6 6. Qf3 dxc6 7. Nc3 Qxf3
8. gxf3 Be6 9. Rg1 g6 10. Be3 Bxe3 11. fxe3 O-O-O 12. Ne2 Bc4 13. Bh3+ Kb8 14.
Nf4 Nf6 15. b3 Ba6 16. Rd1 Rxd1+ 17. Kxd1 Rd8+ 18. Ke1 b6 19. c4 Bc8 20. e5 Nd7
21. e6 fxe6 22. Bxe6 Ne5 23. Ke2 Rd6 24. Bg8 h6 25. Bh7 g5 26. Nd3 Nxd3 27.
Bxd3 Rf6 28. h4 gxh4 29. e4 h3 30. Ke3 h5 31. e5 Rf8 32. f4 Bg4 33. Be4 c5 34.
Rf1 Re8 35. Bd5 Kc8 36. Bc6 Re6 37. Bd5 Re8 38. Bf7 Re7 39. Bg6 Kd7 40. Ke4 Be6
41. f5 Bg8 42. Rd1+ Kc8 43. f6 Rd7 44. Bf5 Bh7 45. Rf1 h2 46. Bxh7 Rxh7 47. e6
1-0

[Event "2BLN 1920 SC Empor Potsdam - SF Berlin "]
[Site "?"]
[Date "2019.10.19"]
[Round "1.8"]
[White "Bachmann, Volker"]
[Black "Rudolf, Henrik"]
[Result "0-1"]
[WhiteElo "2118"]
[BlackElo "2308"]
[PlyCount "99"]
[EventDate "2019.??.??"]

1. d4 Nf6 2. c4 g6 3. Nc3 Bg7 4. e4 d6 5. f4 O-O 6. Nf3 Na6 7. Be2 Bg4 8. O-O
Bxf3 9. Bxf3 e5 10. fxe5 dxe5 11. d5 c6 12. Be3 cxd5 13. cxd5 Ne8 14. Be2 Nd6
15. Qa4 Nc7 16. Bc5 a6 17. Qb4 Nce8 18. Bb6 Qe7 19. Bd1 Rc8 20. Bb3 h5 21. a4
Bf6 22. a5 Nc4 23. d6 Qxd6 24. Qxd6 Ncxd6 25. Rad1 Kg7 26. Rd5 Rc6 27. Bc5 Bg5
28. Bb4 Be3+ 29. Kh1 Bd4 30. Ba4 b5 31. Nxb5 axb5 32. Bxb5 Nxb5 33. Bxf8+ Kxf8
34. Rxb5 Nd6 35. Rb8+ Kg7 36. b4 Nxe4 37. b5 Nf2+ 38. Kg1 Rc2 39. g3 Rb2 40.
Rb7 Ne4+ 41. Kh1 Nf2+ 42. Kg1 h4 43. Rd7 Ng4+ 44. Rxd4 exd4 45. Ra1 d3 46. a6
d2 47. h3 Rc2 48. Rd1 Rc1 49. hxg4 Rxd1+ 50. Kh2 0-1

[Event "2BLN 1920 SK Zehlendorf - SV Werder Bre"]
[Site "?"]
[Date "2019.10.20"]
[Round "2.1"]
[White "Grigorian, Spartak"]
[Black "Demidov, Mikhail"]
[Result "1/2-1/2"]
[WhiteElo "2370"]
[BlackElo "2564"]
[PlyCount "126"]
[EventDate "2019.??.??"]

1. d4 d5 2. c4 c6 3. cxd5 cxd5 4. Nc3 Nc6 5. Nf3 Nf6 6. Bf4 a6 7. Rc1 e6 8. e3
Bd6 9. Bg3 Bxg3 10. hxg3 Qd6 11. Bd3 h6 12. Qe2 O-O 13. Rh4 e5 14. dxe5 Nxe5
15. Nxe5 Qxe5 16. Rd1 Bd7 17. Rd4 Bc6 18. Bc2 Rad8 19. Kf1 Rd7 20. Kg1 Rfd8 21.
R1d3 Ne4 22. Nxe4 dxe4 23. Rxd7 Rxd7 24. Rxd7 Bxd7 25. Bb3 Be6 26. Qc2 g6 27.
Bxe6 Qxe6 28. b4 Qd5 29. a4 h5 30. a5 Kf8 31. Qc7 Ke8 32. Kh2 Qc6 33. Qe5+ Kd7
34. Qd4+ Ke6 35. Qd8 Qd5 36. Qc7 Qb5 37. Qc3 Qc6 38. Qd4 Qd5 39. Qb6+ Kd7 40.
Kg1 Ke8 41. Qf6 Kd7 42. Qb6 Qc6 43. Qd4+ Ke6 44. Kh2 Qd5 45. Qb6+ Ke7 46. Qc7+
Kf8 47. Qc8+ Kg7 48. Qc3+ Kg8 49. Qc8+ Kg7 50. Qc3+ f6 51. Qc7+ Kf8 52. Kg1 Qc6
53. Qd8+ Kf7 54. Kh2 Ke6 55. Qg8+ Kf5 56. Qd8 Ke5 57. Qe7+ Kf5 58. Kg1 g5 59.
Kh2 Kg6 60. Qd8 Kg7 61. Qe7+ Kg6 62. Qd8 Kg7 63. Qe7+ Kg6 1/2-1/2

[Event "2BLN 1920 SK Zehlendorf - SV Werder Bre"]
[Site "?"]
[Date "2019.10.20"]
[Round "2.2"]
[White "Lagunow, Raphael"]
[Black "Reuker, Jari"]
[Result "1-0"]
[WhiteElo "2438"]
[BlackElo "2394"]
[PlyCount "125"]
[EventDate "2019.??.??"]

1. e4 e5 2. Nf3 Nc6 3. Bc4 Bc5 4. O-O Nf6 5. d3 O-O 6. Bg5 h6 7. Bh4 Be7 8. Bg3
d6 9. c3 a5 10. Nbd2 Re8 11. a4 Be6 12. Bxe6 fxe6 13. h3 Qd7 14. Nh2 Rf8 15.
Ng4 Kh7 16. Nc4 Qe8 17. Nxf6+ Bxf6 18. Qb3 b6 19. Qb5 Bg5 20. Bh2 Bf4 21. g3
Bg5 22. f4 Bf6 23. Kh1 Rd8 24. Ne3 Nb8 25. Qxe8 Rdxe8 26. fxe5 Bxe5 27. d4 Bf6
28. Rae1 Nd7 29. Bg1 h5 30. Kg2 Bg5 31. Rxf8 Rxf8 32. Nc2 Kg8 33. Be3 Be7 34.
Bd2 Kf7 35. Rf1+ Ke8 36. Rxf8+ Bxf8 37. b4 d5 38. e5 axb4 39. cxb4 c6 40. a5
Kd8 41. Kf3 bxa5 42. bxa5 c5 43. Bc3 g6 44. dxc5 Bxc5 45. Kf4 Be7 46. Nd4 g5+
47. Ke3 Bc5 48. Ke2 Nf8 49. Nf3 Be7 50. Bd2 Nh7 51. Nd4 Kd7 52. a6 Bc5 53. Nb3
Ba7 54. Be3 Bxe3 55. Kxe3 Kc7 56. Nc5 Kb6 57. Nxe6 Kxa6 58. Kd4 Kb7 59. Kxd5
Kc8 60. Ke4 Kd7 61. Kf5 Ke7 62. Nxg5 Nf8 63. e6 1-0

[Event "2BLN 1920 SK Zehlendorf - SV Werder Bre"]
[Site "?"]
[Date "2019.10.20"]
[Round "2.3"]
[White "Markgraf, Alexander"]
[Black "Malek, Daniel"]
[Result "1/2-1/2"]
[WhiteElo "2486"]
[BlackElo "2342"]
[PlyCount "37"]
[EventDate "2019.??.??"]

1. e4 e5 2. Nf3 Nf6 3. Nxe5 d6 4. Nf3 Nxe4 5. Nc3 Nxc3 6. dxc3 Be7 7. Be3 O-O
8. Qd2 Nd7 9. O-O-O Nf6 10. Kb1 c5 11. h3 Be6 12. Ng5 Bd7 13. Bd3 Bc6 14. Rhe1
Re8 15. Bf4 Bf8 16. Bf5 Qc7 17. a3 Rxe1 18. Rxe1 Re8 19. Rxe8 1/2-1/2

[Event "2BLN 1920 SK Zehlendorf - SV Werder Bre"]
[Site "?"]
[Date "2019.10.20"]
[Round "2.4"]
[White "Meister, Jakob"]
[Black "Meins, Gerlef"]
[Result "1-0"]
[WhiteElo "2410"]
[BlackElo "2415"]
[PlyCount "77"]
[EventDate "2019.??.??"]

1. d4 d5 2. Bf4 Nf6 3. e3 e6 4. c4 Bd6 5. Bxd6 cxd6 6. Nc3 dxc4 7. Bxc4 O-O 8.
Nf3 a6 9. Bd3 b5 10. e4 Bb7 11. Qe2 Nbd7 12. O-O e5 13. d5 b4 14. Na4 Nb6 15.
Nxb6 Qxb6 16. Nd2 a5 17. Nc4 Qd8 18. a3 Ba6 19. Nxe5 Bxd3 20. Nxd3 bxa3 21.
Rxa3 Re8 22. Ra4 Nxd5 23. Qd2 Nf6 24. f3 d5 25. e5 Nd7 26. f4 f6 27. Re1 fxe5
28. fxe5 Qb6+ 29. Qf2 Qxf2+ 30. Kxf2 Nb6 31. Rd4 Rac8 32. Re2 Kf7 33. Rf4+ Ke7
34. Rh4 h6 35. Ra4 Kf7 36. Rf4+ Ke7 37. Kg3 Rc4 38. Rf3 Rf8 39. Nf4 1-0

[Event "2BLN 1920 SK Zehlendorf - SV Werder Bre"]
[Site "?"]
[Date "2019.10.20"]
[Round "2.5"]
[White "Joachim, Sven"]
[Black "Lagunow, Alexander"]
[Result "1/2-1/2"]
[WhiteElo "2384"]
[BlackElo "2363"]
[PlyCount "57"]
[EventDate "2019.??.??"]

1. e4 c5 2. Nf3 d6 3. d4 cxd4 4. Nxd4 Nf6 5. Nc3 a6 6. Qe2 g6 7. Bg5 Bg7 8.
O-O-O Qa5 9. f4 h6 10. Bxf6 Bxf6 11. Qc4 Nd7 12. Nd5 O-O 13. Kb1 Rb8 14. Qd3
Qd8 15. Nxf6+ Nxf6 16. e5 dxe5 17. fxe5 Ng4 18. Qe2 Qc7 19. e6 Ne5 20. Qe3 Kh7
21. Be2 Bxe6 22. Nxe6 fxe6 23. Rd4 Rf6 24. Re4 Nf7 25. Rxe6 Rxe6 26. Qxe6 Ne5
27. Rd1 Rf8 28. Rd5 Nc6 29. a3 1/2-1/2

[Event "2BLN 1920 SK Zehlendorf - SV Werder Bre"]
[Site "?"]
[Date "2019.10.20"]
[Round "2.6"]
[White "Figura, Atila"]
[Black "Richter, Christian"]
[Result "1/2-1/2"]
[WhiteElo "2384"]
[BlackElo "2358"]
[PlyCount "71"]
[EventDate "2019.??.??"]

1. d4 Nf6 2. c4 g6 3. Nc3 Bg7 4. e4 d6 5. Nf3 O-O 6. Be2 Na6 7. Be3 e5 8. d5
Ng4 9. Bg5 f6 10. Bh4 Nh6 11. Nd2 c5 12. f3 Nf7 13. a3 Bh6 14. Bf2 f5 15. Rb1
fxe4 16. Ndxe4 Bf5 17. b4 b6 18. O-O Bd7 19. Rb2 Kh8 20. Bd3 Qe7 21. Bc2 Ng5
22. Ba4 Nxe4 23. Nxe4 Bf5 24. Re1 Bxe4 25. Rxe4 Rf4 26. Bc2 Rc8 27. Bd3 Rxe4
28. fxe4 Qg5 29. h4 Qc1 30. Qxc1 Bxc1 31. Rb3 Bd2 32. b5 Nc7 33. Be2 Rf8 34.
Rd3 Bc1 35. g3 Ne8 36. Kg2 1/2-1/2

[Event "2BLN 1920 SK Zehlendorf - SV Werder Bre"]
[Site "?"]
[Date "2019.10.20"]
[Round "2.7"]
[White "Charmeteau, Sven"]
[Black "Heinig, Wolfram"]
[Result "1/2-1/2"]
[WhiteElo "2331"]
[BlackElo "2231"]
[PlyCount "102"]
[EventDate "2019.??.??"]

1. e4 c6 2. d4 d5 3. Nd2 dxe4 4. Nxe4 Bf5 5. Ng3 Bg6 6. h4 h6 7. Nf3 Nd7 8. h5
Bh7 9. Bd3 Bxd3 10. Qxd3 e6 11. Bd2 Ngf6 12. O-O-O Be7 13. Kb1 O-O 14. Ne4 Nxe4
15. Qxe4 Nf6 16. Qe2 Qd5 17. Be3 b5 18. Ne5 b4 19. g4 Ne4 20. Qa6 Rfc8 21. Rhg1
c5 22. f3 cxd4 23. Bxd4 Nc5 24. Qe2 Qb7 25. g5 Bxg5 26. Rxg5 hxg5 27. h6 Na4
28. Ka1 Qc7 29. Rh1 Rd8 30. Ng6 gxh6 31. Qe4 Rxd4 32. Qxd4 fxg6 33. Qe4 Rd8 34.
Qxg6+ Qg7 35. Qxe6+ Kh7 36. Qe4+ Kh8 37. Qxb4 Nb6 38. a4 Nd5 39. Qc5 Rb8 40. c3
Nf4 41. Rxh6+ Qxh6 42. Qe5+ Kh7 43. Qc7+ Kg6 44. Qxb8 Qh1+ 45. Ka2 Qxf3 46.
Qe8+ Kf6 47. Qd8+ Kf5 48. Qd7+ Ke5 49. Qg7+ Kf5 50. Qd7+ Kf6 51. Qd8+ Kf5
1/2-1/2

[Event "2BLN 1920 SK Zehlendorf - SV Werder Bre"]
[Site "?"]
[Date "2019.10.20"]
[Round "2.8"]
[White "Brustkern, Juergen"]
[Black "Wachinger, Nikolas"]
[Result "1/2-1/2"]
[WhiteElo "2208"]
[BlackElo "2297"]
[PlyCount "46"]
[EventDate "2019.??.??"]

1. c4 g6 2. Nc3 Bg7 3. d4 Nf6 4. e4 d6 5. f4 c5 6. dxc5 Qa5 7. Bd3 Qxc5 8. Nf3
O-O 9. Qe2 Nc6 10. Be3 Qa5 11. O-O Ng4 12. Bd2 Nd4 13. Nxd4 Bxd4+ 14. Kh1 Qh5
15. h3 Nf6 16. Qxh5 Nxh5 17. Kh2 f5 18. exf5 gxf5 19. Rae1 e5 20. Nb5 Bxb2 21.
Rb1 Bd4 22. Nc7 Rb8 23. Na6 Ra8 1/2-1/2

[Event "2BLN 1920 SK König Tegel - SG Turm Kie"]
[Site "?"]
[Date "2019.10.20"]
[Round "2.1"]
[White "Bromann, Thorbjorn"]
[Black "Stern, Rene"]
[Result "1/2-1/2"]
[WhiteElo "2400"]
[BlackElo "2520"]
[PlyCount "97"]
[EventDate "2019.??.??"]

1. d4 d5 2. Bg5 h6 3. Bh4 Nd7 4. c4 dxc4 5. Qa4 Ngf6 6. Nf3 e6 7. Qxc4 a6 8.
Nbd2 c5 9. dxc5 Bxc5 10. a4 Qa5 11. Rc1 Bb4 12. Qc2 O-O 13. e3 Ne5 14. Nxe5
Qxe5 15. Bd3 Bd7 16. O-O Bxd2 17. Qxd2 Bxa4 18. Qb4 Bc6 19. Rc5 Nd5 20. Qb3 f5
21. Bg3 Qf6 22. e4 f4 23. exd5 Bxd5 24. Rxd5 exd5 25. Qxd5+ Rf7 26. Bc4 Raf8
27. Qxb7 fxg3 28. hxg3 Kh8 29. Bxf7 Rxf7 30. Qb8+ Rf8 31. Qb4 a5 32. Qxa5 Qxb2
33. Qc5 Re8 34. Rd1 Qe2 35. Qd4 Qe5 36. Qf4 Qxf4 37. gxf4 Kh7 38. Rd6 Rf8 39.
g3 g5 40. fxg5 hxg5 41. Kf1 Ra8 42. Ke2 Ra3 43. Rd3 Ra2+ 44. Ke3 Kg6 45. f3 Ra6
46. Rd5 Kf6 47. g4 Kg6 48. Ke4 Re6+ 49. Re5 1/2-1/2

[Event "2BLN 1920 SK König Tegel - SG Turm Kie"]
[Site "?"]
[Date "2019.10.20"]
[Round "2.2"]
[White "Rabiega, Robert"]
[Black "Michna, Marta"]
[Result "1/2-1/2"]
[WhiteElo "2507"]
[BlackElo "2363"]
[PlyCount "35"]
[EventDate "2019.??.??"]

1. e4 e6 2. d4 d5 3. Nc3 Bb4 4. exd5 exd5 5. Bd3 Nf6 6. Nge2 O-O 7. O-O c6 8.
Ng3 Re8 9. h3 Nbd7 10. Qf3 Nf8 11. a3 Be7 12. Nf5 Bxf5 13. Bxf5 g6 14. Bd3 Ne6
15. Ne2 Bd6 16. Be3 Nh5 17. g3 Ng5 18. Bxg5 1/2-1/2

[Event "2BLN 1920 SK König Tegel - SG Turm Kie"]
[Site "?"]
[Date "2019.10.20"]
[Round "2.3"]
[White "Hoi, Carsten"]
[Black "Muse, Mladen"]
[Result "1/2-1/2"]
[WhiteElo "2320"]
[BlackElo "2387"]
[PlyCount "39"]
[EventDate "2019.??.??"]

1. d4 g6 2. c4 Bg7 3. Nc3 Nf6 4. e4 d6 5. Nf3 O-O 6. h3 e5 7. d5 a5 8. Bg5 Nbd7
9. g4 Nc5 10. Nd2 h6 11. Be3 h5 12. Be2 hxg4 13. hxg4 Nh7 14. Nb3 b6 15. Qd2
Bf6 16. O-O-O Nxb3+ 17. axb3 Bg5 18. Rdf1 Bd7 19. Bd1 f6 20. Kb1 1/2-1/2

[Event "2BLN 1920 SK König Tegel - SG Turm Kie"]
[Site "?"]
[Date "2019.10.20"]
[Round "2.4"]
[White "Bruedigam, Martin"]
[Black "Junge, Ralph"]
[Result "1/2-1/2"]
[WhiteElo "2398"]
[BlackElo "2255"]
[PlyCount "68"]
[EventDate "2019.??.??"]

1. e4 e6 2. d4 d5 3. Nd2 c5 4. exd5 Qxd5 5. Ngf3 cxd4 6. Bc4 Qd6 7. O-O Nf6 8.
Nb3 Nc6 9. Nbxd4 Nxd4 10. Nxd4 a6 11. Re1 Qc7 12. Bf1 Bd7 13. Qf3 Be7 14. Bf4
Qb6 15. Rad1 Rc8 16. Bc1 O-O 17. h3 Rfd8 18. c3 Nd5 19. Bd3 Bf6 20. Bc2 Ne7 21.
Ne2 Bc6 22. Be4 Rxd1 23. Rxd1 Rd8 24. Rd3 Rxd3 25. Qxd3 Bxe4 26. Qxe4 Qc6 27.
Qc2 b5 28. b3 Nf5 29. Qd3 h6 30. Bd2 Nh4 31. f3 Nf5 32. Be1 Be7 33. Bf2 Bc5 34.
Nd4 Bxd4 1/2-1/2

[Event "2BLN 1920 SK König Tegel - SG Turm Kie"]
[Site "?"]
[Date "2019.10.20"]
[Round "2.5"]
[White "Luckow, Rolf"]
[Black "Fruebing, Stefan"]
[Result "0-1"]
[WhiteElo "2220"]
[BlackElo "2416"]
[PlyCount "114"]
[EventDate "2019.??.??"]

1. b3 e5 2. Bb2 Nc6 3. e3 Nf6 4. c4 d5 5. cxd5 Nxd5 6. Nc3 Ndb4 7. a3 Nd3+ 8.
Bxd3 Qxd3 9. Qb1 Qd7 10. Qc2 Qg4 11. Qe4 Qxe4 12. Nxe4 Bf5 13. f3 O-O-O 14. Bc3
a5 15. Ne2 Be6 16. Nc1 Be7 17. d3 h5 18. Ke2 Rh6 19. Nf2 Rd5 20. Kd2 h4 21. g4
Rb5 22. a4 Rb6 23. Rb1 Ba3 24. Bb2 Bb4+ 25. Ke2 f6 26. Ne4 Ne7 27. d4 f5 28.
gxf5 Nxf5 29. dxe5 Rg6 30. Bd4 Rc6 31. Kd3 Rg2 32. Ne2 g5 33. Rhg1 Rxh2 34.
Rxg5 Be7 35. Nf6 h3 36. Nf4 Nh4 37. Nxe6 Rxe6 38. Rg8+ Bd8 39. f4 Nf3 40. Rh8
Rc6 41. Rb2 Rh1 42. Ke4 Rf1 43. Rxh3 Nxd4 44. Kxd4 Rxf6 45. Rh8 Rd1+ 46. Ke4
Rb6 47. Kf5 Kd7 48. Rc2 Be7 49. Rc4 c5 50. Rc3 Rc6 51. Ke4 Rb6 52. Rh7 Ke8 53.
f5 Rb4+ 54. Rc4 Rxb3 55. f6 Bf8 56. e6 Rd6 57. e7 Rxf6 0-1

[Event "2BLN 1920 SK König Tegel - SG Turm Kie"]
[Site "?"]
[Date "2019.10.20"]
[Round "2.6"]
[White "Mueller, Nick"]
[Black "Zeller, Joerg"]
[Result "1-0"]
[WhiteElo "2360"]
[BlackElo "2179"]
[PlyCount "69"]
[EventDate "2019.??.??"]

1. d4 Nf6 2. Nf3 e6 3. c4 b6 4. g3 Bb7 5. Bg2 Bb4+ 6. Bd2 Be7 7. Nc3 O-O 8. O-O
Ne4 9. d5 Nxc3 10. Bxc3 Bf6 11. Nd4 Qc8 12. e4 Bxd4 13. Qxd4 f6 14. f4 Na6 15.
Rad1 c5 16. Qd2 Nc7 17. h4 Qe8 18. Kh2 Rd8 19. b4 Na6 20. b5 Nb8 21. d6 a5 22.
e5 Bxg2 23. Qxg2 Qg6 24. Rd2 Qg4 25. exf6 gxf6 26. Qb7 Kf7 27. Qxb6 Rg8 28. Rg2
Qf5 29. Qb7 Rg4 30. Bxa5 Rdg8 31. Qf3 e5 32. fxe5 Qxe5 33. Bc3 Qxd6 34. Bxf6
Qe6 35. Bg5+ 1-0

[Event "2BLN 1920 SK König Tegel - SG Turm Kie"]
[Site "?"]
[Date "2019.10.20"]
[Round "2.7"]
[White "Boehm, Thomas"]
[Black "Sarbok, Torsten"]
[Result "1/2-1/2"]
[WhiteElo "2136"]
[BlackElo "2334"]
[PlyCount "28"]
[EventDate "2019.??.??"]

1. d4 d5 2. Nf3 Nf6 3. g3 e6 4. Bg2 Nbd7 5. O-O Bd6 6. c4 c6 7. Nbd2 b6 8. Qc2
Bb7 9. e4 dxe4 10. Ng5 Be7 11. Ndxe4 h6 12. Nxf6+ Nxf6 13. Nf3 O-O 14. Rd1 Qc8
1/2-1/2

[Event "2BLN 1920 SK König Tegel - SG Turm Kie"]
[Site "?"]
[Date "2019.10.20"]
[Round "2.8"]
[White "Tomczak, Rainer"]
[Black "Budzyn, Matthias"]
[Result "1/2-1/2"]
[WhiteElo "2287"]
[BlackElo "2094"]
[PlyCount "37"]
[EventDate "2019.??.??"]

1. e4 e5 2. Nf3 Nc6 3. Bc4 Nf6 4. d3 Be7 5. O-O O-O 6. c3 d5 7. exd5 Nxd5 8. d4
e4 9. Ne5 Nxe5 10. dxe5 Nb6 11. Bb3 Bf5 12. Bf4 Qxd1 13. Rxd1 Rad8 14. Nd2 Nd5
15. Bxd5 Rxd5 16. Nc4 Rxd1+ 17. Rxd1 Rd8 18. Rxd8+ Bxd8 19. Na5 1/2-1/2

[Event "2BLN 1920 FC St. Pauli - Hamburger SK I"]
[Site "?"]
[Date "2019.10.20"]
[Round "2.1"]
[White "Souleidis, Georgios"]
[Black "Socko, Bartosz"]
[Result "0-1"]
[WhiteElo "2427"]
[BlackElo "2619"]
[PlyCount "82"]
[EventDate "2019.??.??"]

1. e4 c6 2. d4 d5 3. e5 Bf5 4. h4 h6 5. g4 Bd7 6. Nc3 e6 7. Be3 Qb6 8. Na4 Qc7
9. Qd2 b6 10. Nc3 c5 11. Nb5 Qc6 12. f4 h5 13. g5 g6 14. Nf3 c4 15. Nd6+ Bxd6
16. exd6 Qxd6 17. f5 gxf5 18. Bf4 Qf8 19. b3 Qa3 20. Be2 cxb3 21. cxb3 Nc6 22.
Rc1 Nge7 23. Ne5 Rc8 24. O-O a6 25. Rc2 Na7 26. Rxc8+ Naxc8 27. Rc1 Nd6 28. Rc7
Bb5 29. Qc2 Bxe2 30. Rxe7+ Kxe7 31. Qc7+ Kf8 32. Qd8+ Ne8 33. Nd7+ Kg7 34. Be5+
Kg6 35. Bxh8 Qc1+ 36. Kf2 Qf1+ 37. Ke3 f4+ 38. Kd2 a5 39. Kc2 Qd1+ 40. Kb2 Qd2+
41. Ka3 b5 0-1

[Event "2BLN 1920 FC St. Pauli - Hamburger SK I"]
[Site "?"]
[Date "2019.10.20"]
[Round "2.2"]
[White "Krause, Benedict"]
[Black "Meissner, Felix"]
[Result "1/2-1/2"]
[WhiteElo "2434"]
[BlackElo "2376"]
[PlyCount "191"]
[EventDate "2019.??.??"]

1. e4 d6 2. d4 Nf6 3. Nc3 g6 4. g3 Bg7 5. Bg2 O-O 6. Nge2 e5 7. h3 exd4 8. Nxd4
Re8 9. O-O Nc6 10. Be3 Bd7 11. Re1 a6 12. Kh2 Rb8 13. f4 Na5 14. Bf2 c5 15. Nf3
Bc6 16. e5 Bxf3 17. Qxf3 dxe5 18. Rxe5 Rxe5 19. fxe5 Nd7 20. Rd1 Qe8 21. Qd5
Nxe5 22. Qxc5 Nac4 23. Nd5 Nxb2 24. Rb1 Nbc4 25. Qc7 b5 26. a4 h5 27. axb5 axb5
28. Ba7 Ra8 29. Qb7 Rd8 30. Qxb5 Qe6 31. Rd1 Rc8 32. Qb7 Kh7 33. Nf4 Qe8 34.
Bd4 Nd6 35. Qb3 Nf5 36. c3 Nc4 37. Qb1 Rb8 38. Qe4 Qxe4 39. Bxe4 Rb2+ 40. Ng2
Nce3 41. Bxe3 Nxe3 42. Re1 Nxg2 43. Bxg2 Bxc3 44. Re7 Kg7 45. h4 Rd2 46. Kh3
Kf6 47. Re3 Be5 48. Bf3 Ke6 49. Re2 Rd3 50. Kg2 f5 51. Ra2 Bd6 52. Re2+ Kf6 53.
Re1 Rd2+ 54. Re2 Rd4 55. Re1 Bb4 56. Re2 Kf7 57. Re3 Bd6 58. Re2 Rd3 59. Re1
Be7 60. Re2 Bd8 61. Re1 Rd2+ 62. Re2 Rd4 63. Kh3 Bc7 64. Kg2 Kf6 65. Re1 Rd2+
66. Re2 Rd3 67. Re1 f4 68. gxf4 Bxf4 69. Re2 Bc7 70. Re1 Be5 71. Re2 Bc7 72.
Rc2 Bd6 73. Re2 Kf7 74. Re1 Be7 75. Re4 Bd8 76. Kg3 Bc7+ 77. Kg2 Bd6 78. Re1
Bb8 79. Re2 Kf6 80. Re1 Rc3 81. Re2 Bc7 82. Kf2 Bb6+ 83. Kg2 Kf5 84. Re8 Rc2+
85. Be2 Bd4 86. Kf3 Rc3+ 87. Kg2 Bf6 88. Ra8 Bxh4 89. Ra5+ Kf4 90. Bxh5 gxh5
91. Rxh5 Rc2+ 92. Kg1 Kg4 93. Rh8 Bg3 94. Rf8 Rb2 95. Kf1 Bf4 96. Ra8 1/2-1/2

[Event "2BLN 1920 FC St. Pauli - Hamburger SK I"]
[Site "?"]
[Date "2019.10.20"]
[Round "2.3"]
[White "Voigt, Roland"]
[Black "Feuerstack, Aljoscha"]
[Result "1-0"]
[WhiteElo "2452"]
[BlackElo "2449"]
[PlyCount "71"]
[EventDate "2019.??.??"]

1. d4 d5 2. g3 c5 3. Bg2 cxd4 4. Nf3 Qa5+ 5. c3 dxc3 6. Nxc3 Nf6 7. O-O e6 8.
e4 dxe4 9. Ng5 Be7 10. b4 Bxb4 11. Ncxe4 Nxe4 12. Bxe4 h6 13. Nxf7 Kxf7 14.
Qf3+ Ke7 15. Rb1 Rf8 16. Qg4 Rf7 17. Bf4 g5 18. Be3 Nd7 19. Bg6 Ne5 20. Qe4 Bd7
21. Rxb4 Bc6 22. Rxb7+ Kd8 23. Rd1+ Ke8 24. Qxc6+ Nxc6 25. Rxf7 Rb8 26. Rc1 Qd5
27. Rc5 Qd1+ 28. Kg2 Rb6 29. Be4 Qa4 30. Bc2 Qxa2 31. Rf6 Kd7 32. Rxh6 Rb5 33.
Rxb5 Qxc2 34. Rxg5 Qe4+ 35. Kh3 Ne5 36. Rh4 1-0

[Event "2BLN 1920 FC St. Pauli - Hamburger SK I"]
[Site "?"]
[Date "2019.10.20"]
[Round "2.4"]
[White "Sawatzki, Frank"]
[Black "Colpe, Malte"]
[Result "1-0"]
[WhiteElo "2393"]
[BlackElo "2378"]
[PlyCount "75"]
[EventDate "2019.??.??"]

1. e4 c5 2. Nf3 Nc6 3. Bb5 g6 4. O-O Bg7 5. c3 Nf6 6. Qe2 O-O 7. Rd1 a6 8. Bxc6
bxc6 9. d4 cxd4 10. cxd4 d5 11. e5 Ne4 12. Nbd2 Bf5 13. Nh4 f6 14. Nxf5 gxf5
15. e6 Qb6 16. Nf1 c5 17. f3 cxd4 18. fxe4 fxe4 19. Qg4 f5 20. Qg5 Rf6 21. Ng3
Qxe6 22. Bf4 Raf8 23. Nh5 Rg6 24. Nxg7 Rxg7 25. Qh5 Rg4 26. Rxd4 Qf6 27. Be3
Qg7 28. Kh1 Rxg2 29. Rxd5 f4 30. Bd4 Qg6 31. Qxg6+ Rxg6 32. Rg1 e3 33. Re5 Rd8
34. Bc3 Rd3 35. Rxg6+ hxg6 36. Kg2 e2 37. Kf2 f3 38. Rxe7 1-0

[Event "2BLN 1920 FC St. Pauli - Hamburger SK I"]
[Site "?"]
[Date "2019.10.20"]
[Round "2.5"]
[White "Kramer, Julian"]
[Black "Krause, Jonah"]
[Result "1-0"]
[WhiteElo "2371"]
[BlackElo "2358"]
[PlyCount "105"]
[EventDate "2019.??.??"]

1. e4 c5 2. Nf3 e6 3. d4 cxd4 4. Nxd4 Nc6 5. Nc3 Qc7 6. Be3 a6 7. Qd2 Nf6 8.
O-O-O Be7 9. f3 b5 10. Nxc6 dxc6 11. Qf2 e5 12. h4 O-O 13. g3 Rd8 14. Rxd8+
Qxd8 15. Bh3 Bxh3 16. Rxh3 Bb4 17. Ne2 Qd7 18. Rh1 Rd8 19. Kb1 Qe6 20. Nc1 Be7
21. Nd3 a5 22. Bb6 Ra8 23. Rd1 a4 24. b3 a3 25. Nc5 Qc8 26. g4 Qb8 27. Nd7 Nxd7
28. Rxd7 Bxh4 29. Qc5 Qc8 30. Qd6 b4 31. Qd3 g6 32. Be3 Qe8 33. g5 h6 34. gxh6
Rd8 35. Rxd8 Bxd8 36. Qd6 Kh7 37. Qxb4 Be7 38. Qd2 Qc8 39. Qa5 Qe6 40. Bc1 Qd6
41. Qc3 g5 42. b4 Kxh6 43. Bxa3 Kh5 44. Bb2 Qxb4 45. Qxb4 Bxb4 46. Bxe5 g4 47.
fxg4+ Kg5 48. a4 Bc5 49. Kb2 Kxg4 50. Kb3 Kf3 51. Bc3 Bb6 52. e5 Ke4 53. Kc4
1-0